<?xml version="1.0" encoding="UTF-8"?><?xml-stylesheet type="text/xsl" href="static/style.xsl"?><OAI-PMH xmlns="http://www.openarchives.org/OAI/2.0/" xmlns:xsi="http://www.w3.org/2001/XMLSchema-instance" xsi:schemaLocation="http://www.openarchives.org/OAI/2.0/ http://www.openarchives.org/OAI/2.0/OAI-PMH.xsd"><responseDate>2026-04-13T13:36:26Z</responseDate><request verb="GetRecord" identifier="oai:www.recercat.cat:2117/80839" metadataPrefix="marc">https://recercat.cat/oai/request</request><GetRecord><record><header><identifier>oai:recercat.cat:2117/80839</identifier><datestamp>2025-07-23T05:44:14Z</datestamp><setSpec>com_2072_1033</setSpec><setSpec>col_2072_452951</setSpec></header><metadata><record xmlns="http://www.loc.gov/MARC21/slim" xmlns:dcterms="http://purl.org/dc/terms/" xmlns:xsi="http://www.w3.org/2001/XMLSchema-instance" xmlns:doc="http://www.lyncode.com/xoai" xsi:schemaLocation="http://www.loc.gov/MARC21/slim http://www.loc.gov/standards/marcxml/schema/MARC21slim.xsd">
   <leader>00925njm 22002777a 4500</leader>
   <datafield ind2=" " ind1=" " tag="042">
      <subfield code="a">dc</subfield>
   </datafield>
   <datafield ind2=" " ind1=" " tag="720">
      <subfield code="a">Casas Sells, Gemma</subfield>
      <subfield code="e">author</subfield>
   </datafield>
   <datafield ind2=" " ind1=" " tag="260">
      <subfield code="c">2015-10</subfield>
   </datafield>
   <datafield ind2=" " ind1=" " tag="520">
      <subfield code="a">Aquest projecte té com a finalitat la reforma de la masia de Can Güell, situada al municipi de Torrelles de Llobregat. L’objectiu és donar un nou ús a la masia i transformar-la en un petit hotel rural. Es pretén que la reforma afecti el menys possible al medi ambient, per tant s’ha fet un estudi de viabilitat que permet analitzar que en l’execució es consumeixi el mínim CO2. La Masia de Can Güell és una construcció totalment aïllada que data del segle XVIII. L’ edifici està constituït per diversos cossos: El cos central consta de Planta Baixa, Planta Pis i Planta Primera. Adherit al cos central hi ha la masoveria que consta de Planta Baixa i Planta Primera. El total de superfície construïda és de 1700m2 aproximadament. El projecte de reforma pretén fer una reforma integral on només es conservarà l’ estructura de murs de càrrega, les façanes i alguns forjats.</subfield>
   </datafield>
   <datafield ind2=" " ind1=" " tag="520">
      <subfield code="a">ENGLISH: The first objective of this project is to create a new interior layout that suits the new use of the house as a rural hotel. All this work, preserving the current structure and facades and taking into account elements such as the location of the building, its historical context and the elements of nature heritage. The second objective is to propose reforms to ensure that in the performance of materials and in the habitual use of the building, it will be issued the minimum CO2. The last objective is to provide to the building the necessary facilities for its operation, and the design of these is fulfilling the following environmental criteria: avoid CO2 emissions and greater efficiency in both production and consumption. The reform will comply with current regulations.</subfield>
   </datafield>
   <datafield tag="653" ind2=" " ind1=" ">
      <subfield code="a">Àrees temàtiques de la UPC::Edificació::Rehabilitació d'edificis</subfield>
   </datafield>
   <datafield tag="653" ind2=" " ind1=" ">
      <subfield code="a">Housing rehabilitation</subfield>
   </datafield>
   <datafield tag="653" ind2=" " ind1=" ">
      <subfield code="a">Buildings -- Repair and reconstruction</subfield>
   </datafield>
   <datafield tag="653" ind2=" " ind1=" ">
      <subfield code="a">Farmhouses</subfield>
   </datafield>
   <datafield tag="653" ind2=" " ind1=" ">
      <subfield code="a">Buildings -- Remodeling for other use</subfield>
   </datafield>
   <datafield tag="653" ind2=" " ind1=" ">
      <subfield code="a">Rehabilitació de l'habitatge -- Catalunya -- Torrelles de Llobregat</subfield>
   </datafield>
   <datafield tag="653" ind2=" " ind1=" ">
      <subfield code="a">Edificis -- Remodelació</subfield>
   </datafield>
   <datafield tag="653" ind2=" " ind1=" ">
      <subfield code="a">Masos, masies, etc -- Catalunya -- Torrelles de Llobregat</subfield>
   </datafield>
   <datafield tag="653" ind2=" " ind1=" ">
      <subfield code="a">Reconversió d'edificis -- Catalunya -- Torrelles de Llobregat</subfield>
   </datafield>
   <datafield ind2="0" ind1="0" tag="245">
      <subfield code="a">Estudi de viabilitat de reforma i canvi d’us de la masia de Can Güell</subfield>
   </datafield>
</record></metadata></record></GetRecord></OAI-PMH>